000 00968cab a22002055a 4500
001 L148302
008 090901s2009 xxkdo f s 000 0 eng d
035 _a(Sirsi) u148302
041 0 _aeng
110 2 _aHome Builders Federation
_94896
245 0 0 _aHBF regional survey of house builders
_bMarch 2009
260 _c2009
490 _aHousing Market Report
_v(202) March 2009, 7-12 (6)
520 _aPresents results of a regional survey of homebuilders in Great Britain for March 2009. Finds that the decline in site visitors and net reservations eased in March 2009 compared with their amount in March 2008. The balance of companies reporting falling new home prices reduced to -27% in March 2009. Housebuilders are expecting to reduce private housing starts in 2009.
590 _aKA
650 2 4 _aHBF REGIONAL SURVEY OF HOUSE BUILDERS
651 4 _aGreat Britain
_y1707-
690 _aPROPERTY-RESIDENTIAL PROPERTY-RESIDENTIAL PROPERTY MARKET
942 _n0
999 _c81777
_d81777